<?xml version="1.0" encoding="UTF-8"?>
<record
    xmlns:xsi="http://www.w3.org/2001/XMLSchema-instance"
    xsi:schemaLocation="http://www.loc.gov/MARC21/slim http://www.loc.gov/standards/marcxml/schema/MARC21slim.xsd"
    xmlns="http://www.loc.gov/MARC21/slim">

  <leader>01824nam a22002894aa4500</leader>
  <controlfield tag="003">BOFEUTO</controlfield>
  <controlfield tag="005">20260512114631.0</controlfield>
  <controlfield tag="008">2025  t2025    bo     gr     000 f spa d</controlfield>
  <datafield tag="040" ind1=" " ind2=" ">
    <subfield code="6">BOFEUTO</subfield>
    <subfield code="a">BOFEUTO</subfield>
    <subfield code="c">BOFEUTO</subfield>
  </datafield>
  <datafield tag="041" ind1=" " ind2=" ">
    <subfield code="a">spa</subfield>
  </datafield>
  <datafield tag="044" ind1=" " ind2=" ">
    <subfield code="a">bo</subfield>
  </datafield>
  <datafield tag="082" ind1=" " ind2=" ">
    <subfield code="a">TE6289</subfield>
    <subfield code="b">F628</subfield>
  </datafield>
  <datafield tag="100" ind1=" " ind2=" ">
    <subfield code="a">Flores Jorge, Zaida</subfield>
    <subfield code="e">autor</subfield>
  </datafield>
  <datafield tag="245" ind1=" " ind2=" ">
    <subfield code="a">Dise&#xF1;o de programa de capacitaci&#xF3;n en la Secretar&#xED;a Departamental de Administraci&#xF3;n y Finanzas P&#xFA;blicas del Gobierno Aut&#xF3;nomo Departamental de Oruro. </subfield>
    <subfield code="c">Zaida Flores Jorge ; autor</subfield>
  </datafield>
  <datafield tag="260" ind1=" " ind2=" ">
    <subfield code="a">Oruro :</subfield>
    <subfield code="b">s/n ;</subfield>
    <subfield code="c">2025 .</subfield>
  </datafield>
  <datafield tag="300" ind1=" " ind2=" ">
    <subfield code="a">156 hojas :</subfield>
    <subfield code="b">ilus, gr&#xE1;f. ;</subfield>
    <subfield code="c">28.5 cm .</subfield>
  </datafield>
  <datafield tag="500" ind1=" " ind2=" ">
    <subfield code="a">Incluye bibliograf&#xED;a, anexos.</subfield>
  </datafield>
  <datafield tag="502" ind1=" " ind2=" ">
    <subfield code="a">Tesis Dirigida, (Licenciatura) -- Universidad T&#xE9;cnica de Oruro, Facultad de Ciencias Econ&#xF3;micas, Financieras y Administrativas, Carrera Administraci&#xF3;n de Empresas, 2025.</subfield>
  </datafield>
  <datafield tag="520" ind1=" " ind2=" ">
    <subfield code="a">El presente trabajo tuvo como finalidad el dise&#xF1;o de un Programa de Capacitaci&#xF3;n para la Secretar&#xED;a Departamental de Administraci&#xF3;n y Finanzas P&#xFA;blicas del Gobierno Aut&#xF3;nomo Departamental de Oruro. Es una primera etapa se realizaci&#xF3;n la necedades de capacitaci&#xF3;n, lo que permiti&#xF3; identificar las principales brechas de conocimientos y habilidades del personal en relaci&#xF3;n con sus funciones y responsabilidades. A partir de este diagn&#xF3;stico, se formulo el programa de capacitaci&#xF3;n,  posteriormente, se ejecutaron las actividades, lo que facilito la comprensi&#xF3;n y asimilaci&#xF3;n de los contenidos por parte de os participantes. Finalmente, se desarroll&#xF3; la evaluaci&#xF3;n de la  capacitaci&#xF3;n, considerando el desempe&#xF1;o de los instructores.</subfield>
  </datafield>
  <datafield tag="650" ind1=" " ind2=" ">
    <subfield code="a">Programa de Capacitaci&#xF3;n</subfield>
  </datafield>
  <datafield tag="653" ind1=" " ind2=" ">
    <subfield code="a">Dise&#xF1;o</subfield>
  </datafield>
  <datafield tag="653" ind1=" " ind2=" ">
    <subfield code="a">Programa</subfield>
  </datafield>
  <datafield tag="653" ind1=" " ind2=" ">
    <subfield code="a">Capacitaci&#xF3;n</subfield>
  </datafield>
  <datafield tag="653" ind1=" " ind2=" ">
    <subfield code="a">Sistemas</subfield>
  </datafield>
  <datafield tag="700" ind1=" " ind2=" ">
    <subfield code="a">Ramirez Choque, Jenny</subfield>
    <subfield code="e">tutor</subfield>
  </datafield>
  <datafield tag="942" ind1=" " ind2=" ">
    <subfield code="2">ddc</subfield>
    <subfield code="c">TE</subfield>
    <subfield code="n">0</subfield>
  </datafield>
  <datafield tag="999" ind1=" " ind2=" ">
    <subfield code="c">16140</subfield>
    <subfield code="d">16140</subfield>
  </datafield>
  <datafield tag="952" ind1=" " ind2=" ">
    <subfield code="0">0</subfield>
    <subfield code="1">0</subfield>
    <subfield code="2">ddc</subfield>
    <subfield code="4">0</subfield>
    <subfield code="7">0</subfield>
    <subfield code="a">UTO</subfield>
    <subfield code="b">UTO</subfield>
    <subfield code="d">2026-05-04</subfield>
    <subfield code="i">6289</subfield>
    <subfield code="l">0</subfield>
    <subfield code="o">TE6289/F628</subfield>
    <subfield code="p">TE6289</subfield>
    <subfield code="r">2026-05-12 11:47:44</subfield>
    <subfield code="t">Ej.1</subfield>
    <subfield code="w">2026-05-12</subfield>
    <subfield code="y">TE</subfield>
  </datafield>
</record>
